000 01191nam a22003017a 4500
005 20110316143212.0
008 110316t xxu||||| |||| 00| 0 eng d
010 _aENG-102145
020 _a9780070681989
_c275.00
020 _a0070681988
_c275.00
035 _aEN-85678
037 _bDBAD/PUB
040 _adpl
_bEng
100 1 _aSharma, R. C.
_926630
245 1 0 _aBusiness correspondence and report writing :
_cby R.C.Sharma [and] Krishna Mohan
_ba practical approach to business & technical communication /
250 _a4th ed
260 _aNew Delhi
_bTata McGraw-Hill
_c2011
270 _a7, West Patel Nagar
_bNew Delhi
_e110008
300 _axx, 514 p.
_c25cm (pbk)
500 _aIncludes index.
650 0 _aBusiness report writing
_926631
650 0 _aCommercial correspondence
_926635
700 _aKrishna Mohan
_926636
856 4 1 _uhttp://www.loc.gov/catdir/enhancements/fy0643/2005052214-t.html
942 _2ddc
_cEN
_mSHA
999 _c51095
_d51095